| 000 | 00550nam a2200181Ia 4500 | ||
|---|---|---|---|
| 003 | GCL | ||
| 008 | 140319s9999 xx 000 0 aFre d | ||
| 040 |
_aGCL / _cGCL |
||
| 082 | 0 | 4 |
_aCC _b732 _bE S |
| 100 | 1 | _aEDGAR, M.C. | |
| 245 | 1 | 0 |
_aSCULPTORS STUDIES CATALOGUE GENERAL DU MUSEE DU CAIRE / _cEDGAR, M.C. |
| 260 |
_a[S.N] : _bINSTITUT FRANCAIS D'ARCHEOLOGIE ORIENTAL ، _c1906 |
||
| 490 |
_aSEVRICE DES ANTIQUITES DE L'EGYPTE _v0 |
||
| 650 | 0 | 4 | _aحسن فتحى |
| 650 | 0 | 4 | _aEGYPT, MUSEUMS |
| 650 | 0 | 4 | _aEGYPT - ANTIQUITIES |
| 942 |
_2ddc _cBK |
||
| 999 |
_c20394 _d20394 |
||